000 00375 a2200133 4500
000 nam a22 7a 4500
100 _aMishra, Vindhyashwari Prasad
110 _aMishra, Vindhyashwari Prasad
245 _a Ved-Vimarsh
250 _aLatest edition
260 _bNew Bharatiya Book Corporation
_c2025
264 _bNew Bharatiya Book Corporation
_c2025
942 _cBK
999 _c395888
_d395888